书目信息 |
| 书名: | Diseases of the basal ganglia and subthalamic nuclei | |
| 作者: | ||
| 分册号: | ||
| 分册名: | 出版地: | New York : |
|
| 出版社: | Oxford Univ. Press | |
| 出版时间: | [1946]. | |
| 页数: | iv, 261-302, 302(1)-302(74), 4 p. : | |
| 开本: | 24 cm. | |
| 丛书名: | ||
| 中图分类号: | ||
| 科图分类号: | ||
| 其他分类号: | R65 | |
| 主题词: | ||
| 电子资源: | ||
| 000 | 00806cam a2200253u 450 | |
| 001 | E0733534929 | |
| 005 | 20070427092412.75 | |
| 008 | 820430s1946 nyua 000 0 eng | |
| 010 | @amed48000578 | |
| 035 | @A(DLC)med48000578 | |
| 040 | @aDLC@cCarP@dDLC | |
| 050 | 00 | @aRC418@b.D4 |
| 090 | @aR65 | |
| 099 | @dR65@ex31 | |
| 100 | 2 | @aDenny-Brown, D.@q(Derek),@d1901- |
| 245 | 10 | @aDiseases of the basal ganglia and subthalamic nuclei. |
| 260 | @aNew York :@bOxford Univ. Press,@c[1946]. | |
| 300 | @aiv, 261-302, 302(1)-302(74), 4 p. :@billus. ;@c24 cm. | |
| 650 | 0 | @aParalysis. |
| 650 | 0 | @aChorea. |
| 650 | 0 | @aBrain@xDiseases. |
| 700 | 1 | @aChristian, Henry A.@q(Henry Asbury),@d1876-1951,@eed. |
| 906 | @a0@bcbc@cpremunv@du@encip@f19@gy-gencatlg | |
| 991 | @bc-GenColl@hRC418@i.D4@tCopy 1@wPREM | |
| Diseases of the basal ganglia and subthalamic nuclei.-New York : : Oxford Univ. Press, , [1946]. |
| iv, 261-302, 302(1)-302(74), 4 p. : : illus. ; ; 24 cm. |
| ISBN |
| ● |
| 相关链接 |
|
|
|
|
正题名:Diseases of the basal ganglia and subthalamic nuclei
索取号:R65/x31
 
预约/预借
| 序号 | 登录号 | 条形码 | 馆藏地/架位号 | 状态 | 备注 |
| 1 | 5189 | 300051896 | 第二样本阅览室/ [索取号:R65/x31] | 在馆 |